000 01019cam a2200289 a 4500
001 1646292
003 ARRUPE
005 20251021101831.0
008 960920s1995 fr s i000 0 eng
010 _a 96198084
035 _a1646292
040 _aDLC
_cDLC
_dDLC
050 0 0 _aHM276
_b.L56 1995
082 0 0 _a179.9
_221
245 0 0 _aLiving together differently :
_ba theological perspective vol. 1, an interdisciplinary perspective vol. 2
_cedited by Stephen Eyeowa and Dieudonne Mbiribindi
260 _aNairobi
_bPaulines Publications Africa,
_c2025
300 _c30 cm.
_bBook
300 _a304 pages ;
_g21cm.
500 _aCover title.
650 0 _aToleration.
650 0 _aCultural pluralism.
_97972
650 0 _aNon-governmental organizations.
_944279
906 _a7
_bcbc
_corignew
_d3
_encip
_f19
_gy-gencatlg
942 _2lcc
_cMONOGRAPH
999 _c131959
_d131959